| 000 | 00000nam 2200000zi 4500 |
| 001 | 9.902324 |
| 003 | CaOODSP |
| 005 | 20221107175927 |
| 006 | m o d f |
| 007 | cr cn||||||||| |
| 008 | 210805t20212021qucab ob f000 0 fre d |
| 020 | |a9780660399591 |
| 020 | |z9780660399584 |q(incorrect) |
| 040 | |aCaOODSP|bfre|erda|cCaOODSP |
| 043 | |an-cn-on |
| 086 | 1 |aCW66-769/2021F-PDF |
| 245 | 00|aRéserve nationale de faune du marais Wye : |bplan de gestion 2021. |
| 246 | 17|aPlan de gestion de la réserve nationale de faune du marais-Wye |
| 264 | 1|aGatineau (Québec) : |bEnvironnement et changement climatique Canada = Environment and Climate Change Canada, |c2021. |
| 264 | 4|c©2021 |
| 300 | |a1 ressource en ligne (vii, 60 pages) : |billustrations en couleur, cartes en couleur |
| 336 | |atexte|btxt|2rdacontent/fre |
| 337 | |ainformatique|bc|2rdamedia/fre |
| 338 | |aressource en ligne|bcr|2rdacarrier/fre |
| 500 | |aPublié aussi en anglais sous le titre : Wye Marsh National Wildlife Area management plan 2021. |
| 500 | |a« EC : 8226. » |
| 504 | |aComprend des références bibliographiques. |
| 650 | 6|aRefuges fauniques|zOntario|xGestion. |
| 650 | 6|aParcs nationaux|zOntario|xGestion. |
| 710 | 1 |aCanada. |bEnvironnement et changement climatique Canada, |eorganisme de publication. |
| 775 | 08|tWye Marsh National Wildlife Area management plan 2021.|w(CaOODSP)9.902325 |
| 856 | 40|qPDF|s1.71 Mo|uhttps://publications.gc.ca/collections/collection_2022/eccc/CW66-769-2021-fra.pdf |